000
00281nam a2200133Ia 4500
100
_a
Luger/George F
942
_c
RB
654
_a
artificial
245
_a
Artificial intelligence
260
_b
Jaico
_a
New Delhi
_c
2004
082
_a
6.3
_b
LUG
300
_a
856
546
_a
ENGLISH
999
_c
27635
_d
27635